000 00502nam a2200169 4500
003 SEACOMMC
005 20250425111508.0
008 241114b |||||||| |||| 00| 0 eng d
020 _a978-81-20333-01-7
_cRs.150.00
040 _aSEACOMMC
082 _a428.2
_bL 474
100 _a Sen, Leena
245 1 _aCommunication skills
_c Leena Sen
260 _aNew Delhi
_bPrentice Hall of India
_c 2004
650 _aListening. Public speaking Commercial correspondence Business communication
942 _cBOOK
999 _c751
_d751